MARC details
| 000 -LEADER |
| fixed length control field |
03300nam a2200289 i 4500 |
| 003 - CONTROL NUMBER IDENTIFIER |
| control field |
CSPC |
| 005 - DATE AND TIME OF LATEST TRANSACTION |
| control field |
20250910145304.0 |
| 008 - FIXED-LENGTH DATA ELEMENTS--GENERAL INFORMATION |
| fixed length control field |
250902s2023 -uk 001 0 eng d |
| 020 ## - INTERNATIONAL STANDARD BOOK NUMBER |
| International Standard Book Number |
9781804614457 |
| 040 ## - CATALOGING SOURCE |
| Original cataloging agency |
CSPC |
| Language of cataloging |
eng |
| Transcribing agency |
CSPC |
| Description conventions |
rda |
| 050 04 - LIBRARY OF CONGRESS CALL NUMBER |
| Classification number |
TK5105.5 |
| Item number |
.R36 2023 |
| 082 04 - DEWEY DECIMAL CLASSIFICATION NUMBER |
| Classification number |
004.6 |
| Item number |
R163a |
| 100 1# - MAIN ENTRY--PERSONAL NAME |
| Personal name |
Rangisetti, Anil Kumar, |
| Relator term |
author. |
| 245 10 - TITLE STATEMENT |
| Title |
Advanced network simulations simplified : |
| Remainder of title |
practical guide for wired, Wi-Fi (802.11n/ac/ax) and LTE networks using ns-3 / |
| Statement of responsibility, etc. |
Anil Kumar Rangisetti. |
| 250 ## - EDITION STATEMENT |
| Edition statement |
1st edition. |
| 264 #1 - PRODUCTION, PUBLICATION, DISTRIBUTION, MANUFACTURE, AND COPYRIGHT NOTICE |
| Place of production, publication, distribution, manufacture |
Birmingham, UK : |
| Name of producer, publisher, distributor, manufacturer |
Packt Publishing, |
| Date of production, publication, distribution, manufacture, or copyright notice |
2023. |
| 300 ## - PHYSICAL DESCRIPTION |
| Extent |
xviii, 341 pages ; |
| Dimensions |
23 cm. |
| 336 ## - CONTENT TYPE |
| Source |
rdacontent |
| Content type term |
text |
| 337 ## - MEDIA TYPE |
| Source |
rdamedia |
| Media type term |
unmediated |
| 338 ## - CARRIER TYPE |
| Source |
rdacarrier |
| Carrier type term |
volume |
| 500 ## - GENERAL NOTE |
| General note |
Includes index. |
| 505 0# - FORMATTED CONTENTS NOTE |
| Formatted contents note |
Part 1: Exploring network simulator-3 (ns-3) thoroughly and quickly -- Getting started with network simulator-3 (ns-3) -- Monitoring, debugging, tracing, and evaluating network topologies in ns-3 -- ns-3 Key building blocks for simulations -- Part2: Learn, set up, and evaluate wired and Wi-Fi (802.11a/b/g/n/ac/ax) networks -- Setting up and evaluating CSMA/P2P LANs, Wi-Fi LANs, and the internet -- Explore basic wi-fi technologies and set up and evaluate wireless ad hoc networks -- Researching advanced wi-fi technologies- 802.11n, ac, and ax in ns-3 -- Part 3: Learn, set up, and evaluate 4G long-term evolution (LTE) networks -- Researching LTE networks radio resource management and mobility management using ns-3 -- Researching LTE advanced networks: LTE hetnets and interference management using ns-3. |
| 520 ## - SUMMARY, ETC. |
| Summary, etc. |
"Dive into network simulation mastery with 'Advanced Network Simulations Simplified'. Learn how to set up and evaluate computer networks effectively using ns-3. Whether you're dealing with wired Ethernet setups or advanced wireless technologies like Wi-Fi 6 and 4G LTE, this book provides practical guidance to enhance your skills. What this Book will help me do Install and configure ns-3 for realistic network simulations. Understand and use key ns-3 features for setting up network topologies. Simulate advanced Wi-Fi technologies, including 802.11n/ac/ax. Model and evaluate 4G LTE networks and scenarios like mobility and interference. Develop and analyze custom wired or wireless network scenarios confidently. Author(s) Anil Kumar Rangisetti is an expert in network simulations with a strong focus on practical applications of the ns-3 platform. With years of experience in researching and teaching networking, Anil brings a hands-on perspective to mastering ns-3 for both academic and professional purposes. His approach blends foundational learning with advanced topics effectively. Who is it for? This book is designed for network engineers and educators who wish to incorporate simulations into their work or classes. It's especially well-suited for enthusiasts, students, and researchers looking to expand their knowledge of Wi-Fi and LTE technology. Readers should have a basic understanding of networking fundamentals to get the most out of this guide." |
| 650 #0 - SUBJECT ADDED ENTRY--TOPICAL TERM |
| Topical term or geographic name entry element |
Computer networks |
| General subdivision |
Simulation meethods. |
| 942 ## - ADDED ENTRY ELEMENTS (KOHA) |
| Source of classification or shelving scheme |
Dewey Decimal Classification |
| Suppress in OPAC |
No |
| Koha item type |
Books |
| Classification part |
004.6 |
| Item part |
R163a |
| Call number prefix |
GRD |
| Call number suffix |
2023 |